| 000 | 00861nam a22002777a 4500 | ||
|---|---|---|---|
| 001 | BR4300167 | ||
| 003 | BR-BrBNA | ||
| 005 | 20230928082922.0 | ||
| 007 | ta | ||
| 008 | 230509b bl.||||| |||| 00| 0 por d | ||
| 040 |
_aBR-BrBNA _bpor _cBiblioteca Nacional de Agricultura |
||
| 041 | _a(Por) | ||
| 072 | _aF22 | ||
| 090 | _ F22 BR4300167 | ||
| 100 | 1 | _aMaravalhas Neto, F. | |
| 110 | 1 |
_aEscola Agronomica do Parana, Curitiba (Brasil) _0Tese (Catedra) _94285 |
|
| 245 | 1 | _aContribuicao para o estudo dos metodos de adsorcao seletiva em quimica agricola [solo] | |
| 260 | 3 |
_aCuritiba, PR (Brasil): _c1943. |
|
| 300 | _a21 p. | ||
| 500 | _a(*) Documento disponível no(a) UFPR, Curitiba, PR (Brazil). Biblioteca Central | ||
| 650 | _aQUIMICA DO SOLO | ||
| 650 | _aADSORCAO | ||
| 650 | _aSOLO | ||
| 909 |
_a202309 _bLucia _c55 _dLucia Elande |
||
| 942 | _cBK | ||
| 999 |
_c10612 _d10612 |
||